|
|
|
|
| LEADER |
01281njm a2200325 a 4500 |
| 001 |
000249690 |
| 003 |
CZ BrMZK |
| 005 |
20210524091806.0 |
| 008 |
950101s1965 ru f und d |
| 028 |
0 |
3 |
|a D-02455-58
|b Ministerstvo kul¸tury
|
| 040 |
|
|
|a BOA001
|b cze
|
| 080 |
|
|
|a 792.54(086.7)
|2 MRF
|
| 080 |
|
|
|a 782.1(47)(086.7)
|2 MRF
|
| 100 |
1 |
|
|a Glinka, Michail Ivanovič,
|d 1804-1857
|7 jn19990210242
|4 cmp
|
| 245 |
1 |
0 |
|a Ruslan i Ljudmila :
|b opera
|h [zvukový záznam].
|n [4] /
|c M. Glinka.
|
| 246 |
3 |
3 |
|a Ruslan a Ludmila
|
| 260 |
|
|
|a [Moskva] :
|b Ministerstvo kul'tury SSSR,
|c [1965]
|
| 300 |
|
|
|a 1 LP deska :
|b 33 ot/min ;
|c 30 cm
|
| 500 |
|
|
|a Durata neuv
|
| 500 |
|
|
|a Nahr. neuv
|
| 511 |
0 |
|
|a V. Firsova, zpěv. Sbor a orchestr Velkého divadla SSSR, dir. K.P. Kondrašin.
|
| 653 |
0 |
|
|a opery
|
| 700 |
1 |
|
|a Kondrašin, Kirill Petrovič,
|d 1914-1981
|7 ola2004235532
|4 cnd
|
| 700 |
1 |
|
|a Firsova, Vera Michajlovna,
|d 1918-1993
|7 xx0161323
|4 prf
|
| 710 |
2 |
|
|a Bol‘šoj teatr SSSR.
|b Chor
|7 xx0071163
|
| 710 |
2 |
|
|a Bol‘šoj teatr SSSR.
|b Orkestr.
|b Ansambl‘ solistov
|7 xx0071169
|
| 910 |
|
|
|a BOA001
|b LP-0005.118,4
|
| 964 |
|
|
|a Opery
|x texty ruské
|x LP
|
| 990 |
|
|
|a AV
|
| 996 |
6 |
|
|b 261H005290
|c LP-0005.118,4
|l MZK
|r Sklad / do 24 hodin
|n 0
|p kup zahr
|w 000249690
|u 000010
|a 1
|e BOA001
|j MZK50
|s P
|